| 000 | 00856nam a22003257a 4500 | ||
|---|---|---|---|
| 001 | BR5600047 | ||
| 003 | BR-BrBNA | ||
| 005 | 20230928095504.0 | ||
| 007 | ta | ||
| 008 | 230509b bl.||||| |||| 00| 0 por d | ||
| 040 |
_aBR-BrBNA _bpor _cBiblioteca Nacional de Agricultura |
||
| 041 | _a(Por) | ||
| 072 |
_aL01; L70 _b5120 _b5110 |
||
| 090 | _ 5120 BR5600047 | ||
| 100 | 1 | _aRibeiro, D.B. | |
| 245 | 1 | _aO cavalo e o burro de guerra e de paz | |
| 260 | 3 |
_aSao Paulo, SP (Brasil): _bMDL Editora, _c1956. |
|
| 300 | _a349 p. | ||
| 500 | _a111 illus.; Bibliography p. 347-349 (65 ref.) | ||
| 650 | _aCavalo | ||
| 650 | _aAsno | ||
| 650 | _aHistoria | ||
| 650 | _aCriacao | ||
| 650 | _aRaca | ||
| 650 | _aHigiene Veterinaria | ||
| 650 | _aNutricao Animal | ||
| 650 | _aDefesa Animal | ||
| 909 |
_a202309 _bLucia _c55 _dLucia Elande |
||
| 942 | _cBK | ||
| 999 |
_c56862 _d56862 |
||